verbes anglais en A et B - Statistiques

Statistiques générales
  • Ce quiz a été pris 5 fois
  • Le résultat moyen est 4 sur 36
Statistiques - réponses
VERBE ANSWER % Correct
Breathe out Expirer
100%
Breathe in Inspirer
100%
Bleed Saigner
100%
Back away Reculer
25%
Break up with Rompre avec
25%
Burn down Brûler
0%
Bank on Compter sur
0%
Bump into Croiser, Rencontrer
0%
Boot up Démarrer
0%
Bring up Élever, Évoquer
0%
Breed Élever, Se reproduire
0%
Break in Entrer par effraction, Roder
0%
Blow out Éteindre, Souffler
0%
Be meant to Être censé
0%
Account for Expliquer, Justifier
0%
Blow up Exploser, Gonfler
0%
Bring out Faire ressortir, Publier
0%
Bring in Introduire, Rapporter
0%
Back off Lâcher prise, Se retirer
0%
Bind Lier, Attacher
0%
Bear with Patienter
0%
Bend Plier, Courber
0%
Bring about Provoquer, Entraîner
0%
Bring back Rapporter, Ramener
0%
Add up to Revenir à, Totaliser
0%
Break off Rompre, Détacher
0%
Add up S'additionner, Tenir debout
0%
Beat yourself up Se culpabiliser, S'en vouloir
0%
Back out of Se rétracter, Revenir sur
0%
Burst out S'esclaffer, Éclater
0%
Break out S'évader, Se déclarer
0%
Awake S'éveiller, Se réveiller
0%
Back up Soutenir, Reculer, Sauvegarder
0%
Arise Survenir, S'élever
0%
Beat someone up Tabasser, Battre
0%
Break down Tomber en panne, Fondre en larmes
0%
Aucun quiz correspondant
Distribution des résultats
% des personnes avec chaque résultat
Percentile par nombre de réponses
Votre historique - résultats
Vous n’avez pas pris ce quiz